| 000 | 00545nam a2200145 a 4500 | ||
|---|---|---|---|
| 001 | 000033488 | ||
| 005 | 20200930070308.0 | ||
| 008 | 110830s1940 dr 000 0 spa d | ||
| 040 |
_aDO-SdBNP _bspa _cBNPHU |
||
| 100 | 1 |
_aAlvarez, J. Mauricio _959016 |
|
| 245 | 1 | 3 |
_aLa red nacional de carreteras, obra del generalisimo Doctor Rafael Leónidas Trujillo Molina / _cJ. Mauricio Alvarez. |
| 260 |
_aCiudad Trujillo, República Dominicana : _bPublicaciones del Partido Dominicano, _c1940. _fListín Diario |
||
| 300 |
_a16 p. ; _c24 cm. |
||
| 049 | _aBNPD | ||
| 999 |
_c32979 _d32979 |
||